000 00531nam a2200193Ia 4500
003 SISC
005 20160823101153.0
008 140321s9999 xx 000 0 und d
020 _a9789814384988
050 _aHB 171.5
_b.M478 2012
100 _aMcEachern, William A.
245 _aMacroeconomics /
_cWilliam A. McEachern.
260 _aPhilippines :
_bCengage Learning,
_c2012.
300 _a349 pages :
_bill. ;
_c26 cm.
500 _aIncludes index.
650 _aMacroeconomics.
942 _kLOC
_cBK
_2lcc
999 _c48433
_d48433